Language of the self (Record no. 80710)

MARC details
000 -LEADER
fixed length control field 00340nam a2200145Ia 4500
008 - FIXED-LENGTH DATA ELEMENTS--GENERAL INFORMATION
fixed length control field 230917s9999||||xx |||||||||||||| ||und||
040 ## - CATALOGING SOURCE
-- 49953
Original cataloging agency VIVEKANANDA LIBRARY
041 ## - Language
-- English
082 ## - DDC NUMBER
Classification number 181.4 S68L
100 ## - MAIN ENTRY--PERSONAL NAME
Personal name Schuon, Frithjof
245 #0 - TITLE STATEMENT
Title Language of the self
260 ## - PUBLICATION, DISTRIBUTION, ETC. (IMPRINT)
Place of publication, distribution, etc Madras
Name of publisher, distributor, etc Ganesh
Date of publication, distribution, etc 1959
300 ## - PHYSICAL DESCRIPTION
Pages xx, 262 p.
942 ## - ADDED ENTRY ELEMENTS (KOHA)
Koha item type Books
Holdings
Withdrawn status Lost status Damaged status Not for loan Location (home branch) Sublocation or collection (holding branch) Date acquired Koha issues (times borrowed) Koha full call number Accession No. Koha date last seen Koha item type
        VIVEKANANDA LIBRARY VIVEKANANDA LIBRARY 09/12/2002   181.4 S68L 157264 17/09/2023 Books
© Designed and Maintained by Vivekananda Library, MDU Rohtak